Krajcer: V Markíze mi bolo dobre

Bibliographic Details
Other Authors: Kernová, Mirka (Interviewer)
Format: Article
Language:Slovak
PhysicalDescription:Fotogr.
ISSN:1335-440X
Subjects:

MARC

LEADER 00000nab a2200000 ar4500
001 vtls008956059
003 SK-MaSNL
005 20260303070356.0
008 070316c20060805xo dr|p|||||||000 b|slo
015 |a SNBRB2007/03  |2 snkbucl 
038 |a SNKBUCL 
040 |a SNKBUCL  |b slo  |c SNKBUCL  |e AACR2 
041 |a slo 
044 |a xo  |c SK 
080 |a 7.097.071.2  |2 2001 
100 1 |a Kernová, Mirka  |4 ivr  |9 856402 
245 1 0 |a Krajcer: V Markíze mi bolo dobre  |c Mirka Kernová 
300 |b Fotogr. 
600 1 7 |a Krajcer, Daniel,  |d 1969-  |2 snkbucl  |9 108195 
700 1 |a Krajcer, Daniel,  |d 1969-  |4 ive  |9 108195 
773 0 |t Sme. Práca  |g Roč. 15, č. 180 (5.8.2006)  |x 1335-440X 
773 0 |i Príl.:  |t Víkend  |g Roč. VIII, č. 31 (11.11.2006), s. 25 a 27 
852 |a SNK  |b KIS3GCP 
958 |a BX 
999 |c 1755089  |d 1757019